书目信息 |
| 题名: |
国际法自学指南
|
|
| 作者: | 罗蓉 , 胡曙东 主编 | |
| 分册: | ||
| 出版信息: | 重庆 重庆大学出版社 2000.02 |
|
| 页数: | 262页 | |
| 开本: | 32开 | |
| 丛书名: | ||
| 单 册: | ||
| 中图分类: | D99-43 | |
| 科图分类: | ||
| 主题词: | 国际法 | |
| 电子资源: | ||
| ISBN: | 7-5624-2133-1 | |
| 000 | 00589nam0 2200205 45 | |
| 001 | 0009031655 | |
| 005 | 20000903163943.6 | |
| 010 | @a7-5624-2133-1@d14.50元 | |
| 100 | @a20000903d2000 km y0chiy0120 ea | |
| 101 | 0 | @achi |
| 105 | @a z 000yy | |
| 200 | 1 | @a国际法自学指南@AGuo Ji Fa Zi Xue Zhi Nan@f罗蓉,胡曙东主编@FLuo Rong,Hu Shu Dong Zhu Bian |
| 210 | @a重庆@c重庆大学出版社@d2000.02 | |
| 215 | @a262页@d32开 | |
| 606 | 0 | @a国际法 |
| 690 | @aD99-43@v3 | |
| 701 | 0 | @a罗蓉@4主编 |
| 701 | 0 | @a胡曙东@4主编 |
| 801 | @aCN@bPftUser@c20000903 | |
| 905 | @b118337-339@dD99-43@eL.303@f3 | |
| 国际法自学指南/罗蓉,胡曙东主编.-重庆:重庆大学出版社,2000.02 |
| 262页;32开 |
| ISBN 7-5624-2133-1:14.50元 |
| ● |
| 相关链接 |
|
|
|
正题名:国际法自学指南
索取号:D99-43/L.303
 
预约/预借
| 序号 | 登录号 | 条形码 | 馆藏地/架位号 | 状态 | 备注 |
| 1 | 118337 | 201183370 | 社科库509/509社科库 109排2列2层/ [索取号:D99-43/L.303] | 在馆 | |
| 2 | 118338 | 201183389 | 社科库509/509社科库 109排2列2层/ [索取号:D99-43/L.303] | 在馆 | |
| 3 | 118339 | 201183398 | 社科库509/509社科库 109排2列2层/ [索取号:D99-43/L.303] | 在馆 |